NO NONSENSE JOB INTERVIEWS HOW TO IMPRES (Record no. 11166)
[ view plain ]
| 000 -LEADER | |
|---|---|
| fixed length control field | 00347nam a2200133Ia 4500 |
| 008 - FIXED-LENGTH DATA ELEMENTS--GENERAL INFORMATION | |
| fixed length control field | 240624s9999 xx 000 0 und d |
| 041 ## - LANGUAGE CODE | |
| Language code of text/sound track or separate title | eng |
| 082 ## - DEWEY DECIMAL CLASSIFICATION NUMBER | |
| Classification number | 650.14 BOL |
| 100 ## - MAIN ENTRY--PERSONAL NAME | |
| Personal name | BOLDT ARNOLD G |
| 245 ## - TITLE STATEMENT | |
| Title | NO NONSENSE JOB INTERVIEWS HOW TO IMPRES |
| 260 ## - PUBLICATION, DISTRIBUTION, ETC. | |
| Date of publication, distribution, etc. | 2008 |
| Place of publication, distribution, etc. | New Jersey |
| Name of publisher, distributor, etc. | Career Press |
| 300 ## - PHYSICAL DESCRIPTION | |
| Extent | 192 : p. : cm. ; 22 |
| 365 ## - TRADE PRICE | |
| Currency code | |
| Price amount | 30 |
| Withdrawn status | Lost status | Damaged status | Not for loan | Home library | Current library | Shelving location | Date acquired | Source of acquisition | Cost, normal purchase price | Total Checkouts | Total Holds | Full call number | Barcode | Date last seen | Date last checked out | Copy number | Price effective from | Koha item type |
|---|---|---|---|---|---|---|---|---|---|---|---|---|---|---|---|---|---|---|
| IMTN | IMTN | Rack 18-B | 10/15/2008 | BWE | 13.99 | 1 | 4962 | 650.14 BOL | 11166 | 07/23/2024 | 07/13/2024 | 48 | 06/24/2024 | Books |